| 000 | 00499nam a2200133 a 4500 | ||
|---|---|---|---|
| 008 | 120416s1964 ||||||||||||||||| || u | ||
| 050 | _aAS 118 Sci | ||
| 245 | 0 | 0 | _aScientific and learned societies of Great Britain: a handbook compiled from official sources |
| 250 | _a61st ed. | ||
| 260 |
_aLondon _bAllen and Unwin _c1964 |
||
| 300 | _a222p. | ||
| 350 | _a0.00 | ||
| 995 |
_D0.00 _FCBU-MAIN LIBRARY (Kitwe) _H1 _I0.00 _M1 _UDAMAGED _ZReference Collection |
||
| 999 |
_c57129 _d57129 |
||